Normale Ansicht MARC-Ansicht ISBD

čiat̕ura da tqibuli (Titelsatznr. 73829)

[ MARC ]
MARC-Details
000 -Satzkennung
Kontrollfeld mit fester Länge 00997nam a22003373u 4500
001 - Kontrollnummer
Kontrollfeld DHIM2026022509010045
003 - Kontrollnummer Identifier
Kontrollfeld RU-10907106
005 - Datum und Zeit der letzten Transaktion
Kontrollfeld 20260323082419.0
007 - Feld mit fester Länge zur physischen Beschreibung - Allgemeine Information
Kontrollfeld mit fester Länge tu
008 - Feld mit fester Länge zur physischen Beschreibung - Allgemeine Angaben
Kontrollfeld mit fester Länge 260225s2020 gau ||| ||| 000 0 geo d
020 ## - Internationale Standardbuchnummer
Verknüpfung 978-9941-480-79-9
Internationale Standardbuchnummer 9789941480799
040 ## - Katalogisierungsquelle
Original-Katalogisierungsstelle RU-10907106
Katalogisierungssprache ger
Übertragungsstelle RU-10907106
041 ## - Sprachcode
Sprachcode des Textes/der Tonspur oder des separaten Titels geo
245 #0 - Titel
Titel čiat̕ura da tqibuli
Zusatz zum Titel kritikuli gaazrebis mc̕deloba
264 #1 - Produktion, Veröffentlichung, Distribution, Herstellung und Urheberrechtsvermerk
Herstellungs-, Veröffentlichungs- Vertriebs-, Erzeugungsort Tbilisi
Datum der Herstellung, der Veröffentlichung, des Vertriebs oder des Urheberschutzvermerks 2020
300 ## - Physische Beschreibung
Umfang 100 Seiten
336 ## - Inhaltstyp
Quelle rdacontent
Inhaltstypterm Text
Inhaltstypcode txt
337 ## - Medientyp
Quelle rdamedia
Bezeichnung des Medientyps Ohne Hilfsmittel zu benutzen
Medientypcode n
338 ## - Datenträgertyp
Quelle rdacarrier
Datenträgertypbezeichnung Band
Datenträgertypcode nc
650 ## - Nebeneintragung unter einem Schlagwort - Sachschlagwort
Sachschlagwort oder geografischer Name als Eintragungselement Stadtforschung
Koha-Normdatenidentnummer 68670
650 ## - Nebeneintragung unter einem Schlagwort - Sachschlagwort
Sachschlagwort oder geografischer Name als Eintragungselement Postsozialismus
Koha-Normdatenidentnummer 14339
650 ## - Nebeneintragung unter einem Schlagwort - Sachschlagwort
Sachschlagwort oder geografischer Name als Eintragungselement Kollektives Gedächtnis
650 ## - Nebeneintragung unter einem Schlagwort - Sachschlagwort
Sachschlagwort oder geografischer Name als Eintragungselement Deindustrialisierung
Koha-Normdatenidentnummer 21156
651 ## - Nebeneintragung unter einem Schlagwort - Geografischer Name
Geografischer Name Georgien
651 ## - Nebeneintragung unter einem Schlagwort - Geografischer Name
Geografischer Name Tschiatura
Koha-Normdatenidentnummer 68665
651 ## - Nebeneintragung unter einem Schlagwort - Geografischer Name
Geografischer Name Tkibuli
Koha-Normdatenidentnummer 68671
700 1# - Nebeneintragung - Personenname
Funktionsbezeichnungscode aut
Personenname Orešina, Iulia
Koha-Normdatenidentnummer 68669
700 1# - Nebeneintragung - Personenname
Funktionsbezeichnungscode aut
Personenname Berekašvil, Bak̕ar
Koha-Normdatenidentnummer 68667
700 1# - Nebeneintragung - Personenname
Funktionsbezeichnungscode aut
Personenname Bicaże, Uta
Koha-Normdatenidentnummer 68668
942 ## - Zusätzliche Felder (Koha)
Klassifikation oder Aufstellungssystematik Andere/Generische Klassifikation
Koha-Medientyp Monographien
Exemplare
Ausgeschieden Verloren Klassifikation oder Aufstellungssystematik Beschädigt Nicht entleihbar Heimatbibliothek Aufenthaltsbibliothek Erwerbungsdatum Inventarnummer Signatur Barcode Letzte Aktivität Preis gültig von Koha-Medientyp
    Andere/Generische Klassifikation     MWN Osteuropa MWS-Büro Georgien 13/11/2025 26-00075 W 66 G u Ore 76763 25/02/2026 25/02/2026 Monographien